| 000 | 00846nam a2200277Ia 4500 | ||
|---|---|---|---|
| 001 | Para_463 | ||
| 003 | CHAP | ||
| 008 | 220125s2000 xx 000 0 und d | ||
| 010 | _a199218 | ||
| 040 | _cCHAP | ||
| 082 | _aPA 633.2 G6 | ||
| 100 |
_aGonzález Embarcadero, Antonia _948874 |
||
| 245 |
_aDistribución de 40 especies de pastizal en la República Mexicana / _c por Antonia González Embarcadero y Berta Rodríguez Castañeda |
||
| 260 |
_aChapingo, Méx. : _b UACh |
||
| 300 | _a145 p. | ||
| 650 |
_aPastizales _x México _985950 |
||
| 700 |
_aRodríguez Castañeda, Berta _9140675 |
||
| 710 | 2 |
_aUniversidad Autónoma Chapingo _9143749 |
|
| 901 | _aPA 633.2 G6 | ||
| 902 | _aA | ||
| 905 | _a0000002000 nb 0000000000 00 | ||
| 910 | _a2000 | ||
| 942 | _cPARA | ||
| 942 |
_cPARA _d1 |
||
| 999 |
_c199218 _d199218 |
||